<?xml version="1.0" encoding="UTF-8"?><?xml-stylesheet type="text/xsl" href="static/style.xsl"?><OAI-PMH xmlns="http://www.openarchives.org/OAI/2.0/" xmlns:xsi="http://www.w3.org/2001/XMLSchema-instance" xsi:schemaLocation="http://www.openarchives.org/OAI/2.0/ http://www.openarchives.org/OAI/2.0/OAI-PMH.xsd"><responseDate>2026-04-27T07:06:04Z</responseDate><request verb="GetRecord" identifier="oai:uvadoc.uva.es:10324/7764" metadataPrefix="marc">https://uvadoc.uva.es/oai/request</request><GetRecord><record><header><identifier>oai:uvadoc.uva.es:10324/7764</identifier><datestamp>2025-01-10T10:25:30Z</datestamp><setSpec>com_10324_7492</setSpec><setSpec>com_10324_952</setSpec><setSpec>com_10324_894</setSpec><setSpec>col_10324_7493</setSpec></header><metadata><record xmlns="http://www.loc.gov/MARC21/slim" xmlns:doc="http://www.lyncode.com/xoai" xmlns:xsi="http://www.w3.org/2001/XMLSchema-instance" xmlns:dcterms="http://purl.org/dc/terms/" xsi:schemaLocation="http://www.loc.gov/MARC21/slim http://www.loc.gov/standards/marcxml/schema/MARC21slim.xsd">
<leader>00925njm 22002777a 4500</leader>
<datafield tag="042" ind1=" " ind2=" ">
<subfield code="a">dc</subfield>
</datafield>
<datafield tag="720" ind1=" " ind2=" ">
<subfield code="a">Escalante, Ernesto</subfield>
<subfield code="e">author</subfield>
</datafield>
<datafield tag="720" ind1=" " ind2=" ">
<subfield code="a">Pando Fernández, Valentín</subfield>
<subfield code="e">author</subfield>
</datafield>
<datafield tag="720" ind1=" " ind2=" ">
<subfield code="a">Ordoñez Alonso, Ángel Cristobal</subfield>
<subfield code="e">author</subfield>
</datafield>
<datafield tag="720" ind1=" " ind2=" ">
<subfield code="a">Bravo Oviedo, Felipe</subfield>
<subfield code="e">author</subfield>
</datafield>
<datafield tag="260" ind1=" " ind2=" ">
<subfield code="c">2011</subfield>
</datafield>
<datafield tag="520" ind1=" " ind2=" ">
<subfield code="a">Understanding diameter growth of the Mediterranean pine species is fundamental for evaluating and making appropriate strategic decisions in forest management. A matrix diameter growth model for two Mediterranean&#xd;
pine forest ecosystems in Spain has been developed.&#xd;
Methods&#xd;
Multinomial logistic (MNL) regression was employed to estimate the transition probabilities of a matrix growth model. The model combines individual tree and stand attributes and explores the effects of independent variables&#xd;
and their relationships with tree size and the probabilities of stand diameter growth. The aim was to predict growth of individual trees by diameter class for a 5-year period.&#xd;
Results&#xd;
MNL model results for diameter growth gave better predictions for Maritime pine (Pinus pinaster Aiton) than for Scots pine (Pinus sylvestris L.). Stand simulations showed that diameter growth probabilities depended on&#xd;
productivity and stand density. Stand simulations under fixed conditions showed that the probabilities of diameter growth increased as site productivity increased and decreased with increased stand density index.&#xd;
Conclusions&#xd;
This study demonstrates the usefulness of matrix growth models as tools to predict growth in Mediterranean pine forests. Stand density and site productivity are key factors in explaining Scots pine and Maritime pine forest growth in the study area.</subfield>
</datafield>
<datafield tag="024" ind2=" " ind1="8">
<subfield code="a">Annals of Forest Science (2011) 68:715-726</subfield>
</datafield>
<datafield tag="024" ind2=" " ind1="8">
<subfield code="a">1297-966X</subfield>
</datafield>
<datafield tag="024" ind2=" " ind1="8">
<subfield code="a">http://uvadoc.uva.es/handle/10324/7764</subfield>
</datafield>
<datafield ind1=" " ind2=" " tag="653">
<subfield code="a">Pinos-Crecimiento-España</subfield>
</datafield>
<datafield tag="245" ind1="0" ind2="0">
<subfield code="a">Multinomial logit estimation of a diameter growth matrix model of two Mediterranean pine species in Spain</subfield>
</datafield>
</record></metadata></record></GetRecord></OAI-PMH>